00446nam a2200181Ia 4500003000400000005001700004008004100021020002200062040000700084041000800091082001500099100002000114245003600134260004700170300001500217365001300232650001900245OSt20230529111051.0210423s2016 xx 000 0 und d a978-81-7708-429-0 cAL aeng a336.2 VISG aVISWANATHAN (B) aGoods and services tax in India aNew DelhibNew Century Publications.c2016 axx,184bHB b760cINR aPublic Finance